| 000 | 00630nam a2200229Ia 4500 | ||
|---|---|---|---|
| 999 |
_c2246 _d2246 |
||
| 003 | 0100 | ||
| 008 | 130227s9999 xx 000 0 und d | ||
| 040 | _cARRUPELIB | ||
| 050 | _aGN865.S6S43 | ||
| 245 | 2 |
_aA search for origins: _bscience, history and South Africa's 'cradle of humankind' |
|
| 260 |
_aJohannesburg _bWits University Press |
||
| 300 | _a313p. | ||
| 300 | _b 23 cm | ||
| 650 |
_aEvolutionary paleobiology _zSouth Africa _938256 |
||
| 650 |
_aPrehistoric peoples _zSouth Africa _938257 |
||
| 650 |
_aSouth Africa _xAntiquities _938258 |
||
| 650 |
_aSouth Africa _xHistory _927612 |
||
| 650 |
_aFossil Hominids _zSouth Africa _938259 |
||
| 700 |
_aBonner, Philip (ed.) _938260 |
||
| 942 |
_2lcc _cMONOGRAPH |
||